000 00365nam a2200145Ia 4500
008 230917s9999||||xx |||||||||||||| ||und||
040 _e142730
_aMAIN
041 _aEnglish
082 _a910.02 H95F
100 _aHussain, Majid
245 0 _aFundamentals of Physical Geography
260 _aJaipur
_bRawat Publications
_c2001
300 _ax, 632 p.
942 _cBK
999 _c93282
_d93282